000 00628nam a2200169Ia 4500
003 GCL
008 140319s9999 xx 000 0 ara d
020 _a4511101977
040 _aGCL /
_cGCL
082 0 4 _aق
_b962.02
_bن ص
100 1 _aنبيل السيد الطوخى
245 1 0 _aصعيد مصر فى عهد الحملة الفرنسية( 1798 - 1801) /
_cنبيل السيد الطوخى
260 _aالقاهرة :
_bالهيئة المصرية العامة للكتاب ،
_c1997
300 _a431 ص ؛
_c30 سم
650 0 4 _aمصر - تاريخ - الحملة الفرنسية (1798-1801م)
942 _2ddc
_cBK
999 _c50013
_d50013